How fast can you type QWERTY........? - Statistics

General Stats
  • This quiz has been taken 4,965 times
  • The average score is 19 of 26
Answer Stats
Answer % Correct
Q
99%
W
99%
E
98%
R
97%
T
96%
Y
95%
U
78%
I
76%
O
75%
P
73%
A
71%
S
70%
D
69%
F
68%
G
67%
H
67%
J
67%
K
66%
L
65%
Z
64%
C
63%
X
63%
B
62%
V
62%
M
61%
N
61%
No matching quizzes found
Score Distribution
Percent of People with Each Score
Percentile by Number Answered
Your Score History
You have not taken this quiz